000
00302nam a2200109Ia 4500
008
230907s9999||||xx |||||||||||||| ||und||
082
_a
621.382
_b
CVI
100
_a
Cvijetic, Milorad.
_9
56751
245
0
_a
Advanced optical communication systems and networks /
300
_a
xx, 804 pages :
942
_c
BK
999
_c
600485
_d
600485